000 01479cam a22003857a 4500
003 CHAP
005 20220817043804.0
008 010810d2000 mx r 00110 spa d
010 _a84454
011 _a85426
020 _a9688174750
035 _a95959
040 _cCHAP
082 0 4 _a634.927
_bM5 2000
110 0 0 _aMéxico. Secretaría de Medio Ambiente, Recursos Naturales y Pesca
_977201
245 1 0 _aTextoguía forestal
_c/por Secretaría de Medio Ambiente, Recursos Naturales y Pesca
250 _a4 ed. corr. y aum.
260 _aMéxico, D.F. :
_bSecretaría de Medio Ambiente, Recursos Naturales y Pesca,
_c2000.
300 _a159 p.
590 _aBATCH-UPD
_b10
_c20130110
_lUCH01
_h1617
590 _aBATCH-UPD
_b10
_c20130410
_lUCH01
_h1012
590 _aBATCH-UPD
_b10
_c20130914
_lUCH01
_h0722
590 _aCONVERSION
_b10
_c20130109
_lUCH01
_h1347
650 1 4 _aBosques
_xPreservación.
650 1 4 _aBosques
_xProtección.
_914369
650 1 4 _aRecursos forestales
_zMéxico.
_995075
650 1 4 _aSilvicultura sustentable.
_9106136
901 _aBK
905 _aAlejandra Carrasco M.
942 _cLIBRO
949 _a634.927 M5 2000
_bBC
_cLIBRO
_d33724000854584
_eLIBRO
_fc.4
_h101869
_i95959
_si
949 _a634.927 M5 2000
_bBC
_cLIBRO
_d33724000892311
_eLIBRO
_h101107
_i95959
_si
949 _a634.927 M5 2000
_bBC
_cLIBRO
_d33724000935607
_eLIBRO
_fc.3
_h101109
_i95959
_si
949 _a634.927 M5 2000
_bBC
_cLIBRO
_d33724000935664
_eLIBRO
_fc.2
_h101108
_i95959
_si
999 _c84454
_d84454